000 00353nam a2200133Ia 4500
008 240624s9999 xx 000 0 und d
041 _aeng
082 _a384.0954 TAH
100 _aTAHER NASREEN
245 _aINDIAN TELECOM INDUSTRY TRENDS AND CASES
260 _c2005
_aHyderabad
_bICFAI press
300 _avii, , 192 , 23 : p. : cm.
365 _cRS
_b50
999 _c6567
_d6567